Second Most Common Language by Country #3 - Statistics

General Stats
  • This quiz has been taken 261 times
    251 since last reset
  • The average score is 12 of 21
Answer Stats
Country Language % Correct
United States Spanish
99%
Switzerland French
97%
Andorra Spanish
82%
Belgium French
81%
Ireland Irish
81%
United Arab Emirates English
74%
Albania Greek
64%
India Bengali
59%
Iraq Kurdish
57%
Eritrea Arabic
54%
Singapore Mandarin
54%
Bolivia Quechua
54%
South Africa Xhosa
52%
Sweden English
48%
Sri Lanka Tamil
45%
East Timor Portuguese
43%
Tajikistan Russian
43%
Russia Tatar
38%
Thailand Lao
34%
Paraguay Guarani
30%
Iran Azerbaijani
24%
No matching quizzes found
Score Distribution
Percent of People with Each Score
Percentile by Number Answered
Your Score History
You have not taken this quiz since the last reset